|
|
|
|
| LEADER |
00000nab a2200000 a 4500 |
| 001 |
vtls011102148 |
| 003 |
SK-MaSNL |
| 005 |
20260303150042.0 |
| 008 |
230222|1999 xo |||||||||||||||||slo| |
| 015 |
|
|
|a SNBRB
|
| 035 |
|
|
|a (uuid)ac0dacd2-1321-48eb-9d91-4175fe16c1a5
|
| 035 |
|
|
|a (urnnbn)urn:nbn:sk:snk:ar-007aod
|
| 035 |
|
|
|a urn:nbn:sk:snk-ab98dq
|
| 040 |
|
|
|a SNKBUCL
|b slo
|c SNKBUCL
|e AACR2
|
| 041 |
0 |
|
|a slo
|
| 044 |
|
|
|a xo
|c SK
|
| 100 |
1 |
|
|a Krajčovič, Rudolf,
|d 1927-2014
|4 aut
|9 184229
|
| 245 |
1 |
0 |
|a Nárečia v južnom regióne západoslovenských nárečí
|c Rudolf Krajčovič
|
| 773 |
0 |
|
|t Studia Academica Slovaca : prednášky ... letnej školy slovenského jazyka a kultúry
|g Roč. 28, č. 28 (1999), s. 287-294
|
| 954 |
|
|
|a odborná, vedecká literatúra pôvodná (slovenská)
|2 lita
|
| 958 |
|
|
|a OND
|
| 958 |
|
|
|a EUIPO
|
| 958 |
|
|
|a article13
|
| 999 |
|
|
|c 2007229
|d 2009159
|